5x5 Word Blitz Quiz Stats

 Plays Quiz Updated Jun 27, 2015

Also try: 4x4 Word Blitz
Challenge
Share
Tweet
Embed
Score 0/25 Timer 05:00
0 Plays Today
% Correct
mates
96%
stare
92%
spore
90.5%
steam
86.1%
diets
85.8%
teams
85.7%
rates
84.5%
meats
83.9%
pores
77.9%
tames
76.9%
poser
76.1%
ropes
72.6%
tides
72.2%
% Correct
tears
70.8%
rinse
70.3%
prose
68.5%
resin
62.3%
siren
62.3%
edits
50.9%
reins
47.8%
risen
47.8%
sited
44.5%
taser
37.8%
deist
33.6%
aster
27.8%

You're not logged in!

Compare scores with friends on all Sporcle quizzes.
OR
Log In

You Might Also Like...

Show Comments

Extras

Top Quizzes Today


Score Distribution

Your Account Isn't Verified!

In order to create a playlist on Sporcle, you need to verify the email address you used during registration. Go to your Sporcle Settings to finish the process.

Report this User

Report this user for behavior that violates our Community Guidelines.

Details: